00557 2200217 4500001002100000005001700021008004100038020001800079035002400097040001200121082000800133090001500141100001800156245005800174250001100232260002700243300002500270650001700295850001200312990001500324YOGYA-0209000005340520090227033138.0 ind  a979-404-382-6 0010-020900000053405 aYOPDYOG a810 a810bEst S aESTEN, Mursal aSastra Indonesia dan tradisi sub kulturcMursal Esten aCet. 1 aBandungbAngkasac1990 a149 hlmbilusc21 cm aKesasteraaan aYOPDYOG a94P0053601